Utwory Juliana Tuwima - nagła śmierć - Statystyki

Ogólne statystyki
  • Ten quiz został rozwiązany 211 razy
  • Średni wynik to 6 z 8
Answers on the Grid
Answers color-coded by a green-red scale on the quiz's grid according to % correct below.
,,Lokomotywa"
,,Rzepka"
,,Murzynek Bambo"
,,Słoń Trąbalski"
,,Ptasie radio"
,,Do prostego człowieka"
,,Kwiaty polskie"
,,Bal w operze"
,,Akademia Pana Kleksa"
,,Szkice węglem"
,,Kamienie na szaniec"
,,Fortepian Szopena"
 
Statystyki odpowiedzi
Odpowiedź % Poprawnych
,,Lokomotywa"
96%
,,Murzynek Bambo"
87%
,,Rzepka"
86%
,,Ptasie radio"
85%
,,Słoń Trąbalski"
85%
,,Kwiaty polskie"
56%
,,Do prostego człowieka"
50%
,,Bal w operze"
45%
Nie znaleziono quizów pasujących do podanych kryteriów
Rozkład punktacji
Procent ludzi z każdym wynikiem
Percentyl według liczby udzielonych odpowiedzi
Twoja historia wyników
Nie rozwiązałeś tego quizu